|
|
|
|
| LEADER |
01725nam a2200265 a 4500 |
| 001 |
GR-MES6545 |
| 008 |
000307s19992003gr g 000 0 gre d |
| 020 |
|
|
|a 9603900540
|
| 040 |
|
|
|a GrPaTEI
|b gre
|c GR-PaULI
|
| 082 |
|
0 |
|a 330.015 1
|2 21
|
| 100 |
1 |
|
|a Κιόχος, Πέτρος
|
| 245 |
1 |
0 |
|a Οικονομικά μαθηματικά /
|c Πέτρος Κιόχος, Απόστολος Κιόχος.
|
| 250 |
|
|
|a 2η έκδ. βελτ., 2003
|
| 260 |
|
|
|a Αθήνα :
|b Interbooks,
|c 1999, 2003.
|
| 300 |
|
|
|a 470 σ. :
|b διαγρ. ;
|c 24 εκ.
|
| 504 |
|
|
|a Βιβλιογραφία: σ.387-397
|
| 650 |
|
4 |
|a Οικονομικά μαθηματικά
|
| 700 |
1 |
|
|a Κιόχος, Απόστολος Π.
|e συγγραφέας.
|
| 942 |
|
|
|2 ddc
|
| 952 |
|
|
|0 0
|1 0
|2 ddc
|4 0
|6 330_015000000000000_1_ΚΙΟ
|7 0
|9 276915
|a MSLG
|b MSLG
|c BSC
|d 2021-01-17
|e 24
|f 0
|g 0.00
|i 18209
|l 0
|o 330.015 1 ΚΙΟ
|p 2420000018209
|r 2021-01-17 00:00:00
|t 1
|w 2021-01-17
|y BK15
|x 20000307 0 1
|x GrPaTEI
|
| 952 |
|
|
|0 0
|1 0
|2 ddc
|4 0
|6 330_015000000000000_1_ΚΙΟ
|7 0
|9 276916
|a MSLG
|b MSLG
|c EUD
|d 2021-01-17
|e 24
|f 0
|g 0.00
|i 26604
|l 0
|o 330.015 1 ΚΙΟ
|p 2420000026604
|r 2021-01-17 00:00:00
|t 2
|w 2021-01-17
|y BK15
|x 20131203 0 ΧΑΣΑΝΗ 1
|x GrPaTEI
|
| 952 |
|
|
|0 0
|1 0
|2 ddc
|4 0
|6 330_015000000000000_1_ΚΙΟ
|7 0
|9 276917
|a MSLG
|b MSLG
|c EUD
|d 2021-01-17
|e 24
|f 0
|g 0.00
|i 26605
|l 0
|o 330.015 1 ΚΙΟ
|p 2420000026605
|r 2021-01-17 00:00:00
|t 3
|w 2021-01-17
|y BK15
|x 20131203 0 ΧΑΣΑΝΗ 1
|x GrPaTEI
|
| 952 |
|
|
|0 0
|1 0
|2 ddc
|4 0
|6 330_015000000000000_1_ΚΙΟ
|7 0
|9 276918
|a MSLG
|b MSLG
|c EUD
|d 2021-01-17
|e 24
|f 0
|g 0.00
|i 26792
|l 0
|o 330.015 1 ΚΙΟ
|p 2420000026792
|r 2021-01-17 00:00:00
|t 4
|v 2021.00
|w 2021-01-17
|y BK15
|x 20131203 0 ΧΑΣΑΝΗ 0
|x GrPaTEI
|
| 971 |
|
|
|a .b25850143
|b 16-04-20
|c 14-09-16
|
| 999 |
|
|
|c 160783
|d 160783
|